书目信息 |
| 题名: |
3ds Max\VRay超写实商业大空间效果图表现技法
|
|
| 作者: | 刘有良 , 陈志民 主编 | |
| 分册: | ||
| 出版信息: | 北京 机械工业出版社 2010.10 |
|
| 页数: | 301页, [5] 叶图版 | |
| 开本: | 26cm | |
| 丛书名: | ||
| 单 册: | ||
| 中图分类: | TU247 | |
| 科图分类: | ||
| 主题词: | 商业--shang ye--服务建筑--空间设计--计算机辅助设计--应用软件 | |
| 电子资源: | ||
| ISBN: | 978-7-111-32076-0 | |
| 000 | 01216nam0 2200301 450 | |
| 001 | B20110009179 | |
| 005 | 20110723130009.07 | |
| 010 | @a978-7-111-32076-0@dCNY58.00 (含光盘) | |
| 010 | @a978-7-89451-730-2@b光盘 | |
| 100 | @a20110215d2010 km y0chiy50 ea | |
| 101 | 0 | @achi |
| 102 | @aCN@b110000 | |
| 105 | @aa z 000yy | |
| 106 | @ar | |
| 200 | 1 | @a3ds Max\VRay超写实商业大空间效果图表现技法@A3ds Max\VRay chao xie shi shang ye da kong jian xiao guo tu biao xian ji fa@f陈志民, 刘有良主编 |
| 210 | @a北京@c机械工业出版社@d2010.10 | |
| 215 | @a301页, [5] 叶图版@c彩图@d26cm@e光盘2片 | |
| 330 | @a本书共10章,第1章介绍了光、色彩、摄影等效果图表现必需的专业知识;第2章通过大量示例介绍了VRay渲染器的参数含义和使用方法,为后面的学习打下坚实的基础;第3章——第10章精选8个超写实经典商业大空间案例,讲解不同空间类型、不同风格、不同时间、不同气氛的大空间场景表现方法和技巧。 | |
| 333 | @a相关人员 | |
| 586 | @a | |
| 606 | 0 | @a商业@Ashang ye@x服务建筑@x空间设计@x计算机辅助设计@x应用软件 |
| 610 | 0 | @a3dsMax@A3dsMax |
| 610 | 0 | @aVRay@AVRay |
| 690 | @aTU247@v5 | |
| 701 | 0 | @a刘有良@Aliu you liang@4主编 |
| 701 | 0 | @a陈志民@Achen zhi min@4主编 |
| 801 | 0 | @aCN@c20110610 |
| 905 | @dTU247@eC654@f3 | |
| 3ds Max\VRay超写实商业大空间效果图表现技法/陈志民, 刘有良主编.-北京:机械工业出版社,2010.10 |
| 301页, [5] 叶图版:彩图;26cm+光盘2片 |
| 使用对象:相关人员 |
| ISBN 978-7-111-32076-0:CNY58.00 (含光盘) |
| 本书共10章,第1章介绍了光、色彩、摄影等效果图表现必需的专业知识;第2章通过大量示例介绍了VRay渲染器的参数含义和使用方法,为后面的学习打下坚实的基础;第3章——第10章精选8个超写实经典商业大空间案例,讲解不同空间类型、不同风格、不同时间、不同气氛的大空间场景表现方法和技巧。 |
| ● |
| 相关链接 |
|
|
|
正题名:3ds Max\VRay超写实商业大空间效果图表现技
索取号:TU247/C654
 
预约/预借
| 序号 | 登录号 | 条形码 | 馆藏地/架位号 | 状态 | 备注 |
| 1 | 887425 | 208874253 | 建筑库101/101建筑库 105排3列5层/ [索取号:TU247/C654] | 在馆 | |
| 2 | 887426 | 208874262 | 建筑库101/101建筑库 105排3列5层/ [索取号:TU247/C654] | 在馆 | |
| 3 | 887427 | 208874271 | 建筑库101/101建筑库 105排3列5层/ [索取号:TU247/C654] | 在馆 |